AWT programming for Java
The CD contains AWT class library samples; online resources and site summaries, FAQs, source code and Web links; and Java development tools
Zapisane w:
| 1. autor: | |
|---|---|
| Format: | Książka |
| Język: | Undetermined |
| Wydane: |
New York
M&T Books
1997
|
| Hasła przedmiotowe: | |
| Etykiety: |
Dodaj etykietę
Nie ma etykietki, Dołącz pierwszą etykiete!
|
| Thư viện lưu trữ: | Trung tâm Học liệu Trường Đại học Cần Thơ |
|---|
| LEADER | 00696nam a2200193Ia 4500 | ||
|---|---|---|---|
| 001 | CTU_222541 | ||
| 008 | 210402s9999 xx 000 0 und d | ||
| 082 | |a 005.133 | ||
| 082 | |b O.58 | ||
| 100 | |a O'Neal, Miles | ||
| 245 | 0 | |a AWT programming for Java | |
| 245 | 0 | |c Miles O'Neal, Tom Stewart | |
| 260 | |a New York | ||
| 260 | |b M&T Books | ||
| 260 | |c 1997 | ||
| 520 | |a The CD contains AWT class library samples; online resources and site summaries, FAQs, source code and Web links; and Java development tools | ||
| 650 | |a Java (Ngôn ngữ chương trình máy tính),Java (Computer program language) | ||
| 904 | |i Hải | ||
| 980 | |a Trung tâm Học liệu Trường Đại học Cần Thơ | ||